| 000 | 00548 a2200229 4500 | ||
|---|---|---|---|
| 001 | 200044231 | ||
| 999 |
_c200044231 _d40499 |
||
| 003 | TR-AnTOB | ||
| 005 | 20191123020029.0 | ||
| 008 | 160509b20032004tu bn0 0 0 | ||
| 022 | _a1303-8397 | ||
| 040 | _aTR-AnTOB | ||
| 041 | _atur | ||
| 050 |
_aPN1031 _b.T9 |
||
| 099 | _aJOURNAL - YASA ME | ||
| 245 | 0 | _aYasakmeyve | |
| 260 |
_aİstanbul : _bKomşu Yayınevi, _c2003- |
||
| 310 | _aİki ayda bir. | ||
| 362 | _aYıl:1 Sayı:1 Şubat-Mart 2003 | ||
| 650 |
_aŞiir _vSüreli yayınlar _960791 |
||
| 942 | _cCR | ||